Language Quiz

Random Language or City Quiz
Score 0/15 Timer 03:00
5 Plays Today
% Correct
San Jose, CA
96.4%
Louisville, KY
96.2%
San Francisco, CA
96.1%
Corpus Christi, TX
96%
San Antonio, TX
93.9%
Santa Ana, CA
92.2%
Oakland, CA
88%
Mesa, AZ
87.4%
% Correct
Boston, MA
84.1%
Portland, OR
81.9%
Detroit, MI
71.1%
Oklahoma City, OK
61.9%
Chicago, IL
45.9%
Tucson, AZ
42.5%
Tulsa, OK
34.7%

You're not logged in!

Compare scores with friends on all Sporcle quizzes.
OR
Log In

Sporcle TV

Today on Sporcle TV


Watch our educational content, quiz creation guides, and fun videos on Sporcle TV.

Show Comments

Extras

Top Quizzes Today


Score Distribution

Paid Content

Your Account Isn't Verified!

In order to create a playlist on Sporcle, you need to verify the email address you used during registration. Go to your Sporcle Settings to finish the process.

Report this User

Report this user for behavior that violates our Community Guidelines.

Details: